[Event "22. OSREDNJA SLOVENSKA LIGA 2021"]
[Site "gostovanja"]
[Date "2021.10.14"]
[Round "5.2"]
[White "Macek, Inti"]
[Black "Simicak, Metod"]
[Result "0-1"]
[WhiteElo "1229"]
[BlackElo "1677"]
[PlyCount "92"]
[EventDate "2021.10.14"]
[WhiteTeam "SK KOMENDA POGI"]
[BlackTeam "SD MENGES - TRZIN"]

1. d4 d5 2. Nf3 g6 3. c4 Bg7 4. Nc3 Nf6 5. Bf4 dxc4 6. e4 Nh5 7. Be5 f6 8. Bg3
Nxg3 9. fxg3 Be6 10. d5 Bf7 11. Bxc4 c6 12. O-O Qb6+ 13. Qd4 Qxd4+ 14. Nxd4 f5
15. Ne6 Bxe6 16. dxe6 Bxc3 17. bxc3 fxe4 18. Rae1 b5 19. Bb3 Na6 20. Rxe4 O-O-O
21. Rf7 Nc5 22. Re3 Rhf8 23. h3 Rxf7 24. exf7 Kd7 25. Rf3 Rf8 26. Rf1 e6 27.
Re1 Rxf7 28. Re5 Nxb3 29. axb3 Rf5 30. Rxf5 gxf5 31. Kf2 a5 32. Ke3 a4 33. bxa4
bxa4 34. Kd2 Kd6 35. Kc2 Kc5 36. Kb2 Kc4 37. g4 fxg4 38. hxg4 e5 39. Kc2 e4 40.
g3 e3 41. g5 a3 42. g4 a2 43. Kb2 e2 44. Kxa2 e1=Q 45. Ka3 Qb1 46. g6 Qb3# 0-1

[Event "22. OSREDNJA SLOVENSKA LIGA 2021"]
[Site "gostovanja"]
[Date "2021.10.14"]
[Round "5.3"]
[White "Grasic, Marjan"]
[Black "Babarovic, Fran"]
[Result "1-0"]
[WhiteElo "1700"]
[BlackElo "1108"]
[PlyCount "43"]
[EventDate "2021.10.14"]
[WhiteTeam "SD MENGES - TRZIN"]
[BlackTeam "SK KOMENDA POGI"]

1. e4 e5 2. Nf3 Nc6 3. Bc4 Bc5 4. O-O Nf6 5. c3 O-O 6. d4 exd4 7. cxd4 Bb6 8.
e5 Ne4 9. Bd5 Nxf2 10. Rxf2 d6 11. Bg5 Ne7 12. Re2 Be6 13. Nc3 h6 14. Bxe7 Qxe7
15. Bxb7 Rab8 16. Bd5 Rfc8 17. Bxe6 Qxe6 18. Kh1 c5 19. d5 Qe7 20. Qa4 c4 21.
Rae1 Rc5 22. exd6 1-0

[Event "22. OSREDNJA SLOVENSKA LIGA 2021"]
[Site "gostovanja"]
[Date "2021.10.14"]
[Round "5.4"]
[White "Keber, Aljosa"]
[Black "Filippovskiy, Nikita"]
[Result "1/2-1/2"]
[WhiteElo "1062"]
[BlackElo "1532"]
[PlyCount "99"]
[EventDate "2021.10.14"]
[WhiteTeam "SK KOMENDA POGI"]
[BlackTeam "SD MENGES - TRZIN"]

1. e4 c5 2. Nf3 Nc6 3. d4 cxd4 4. Nxd4 g6 5. c4 Bg7 6. Be3 Nf6 7. Nc3 O-O 8. f3
d6 9. Qd2 Nxd4 10. Bxd4 Bd7 11. Nd5 e5 12. Be3 Be6 13. Be2 b6 14. O-O Rc8 15.
Rac1 h5 16. Rfd1 Nxd5 17. cxd5 Bd7 18. Ba6 Rxc1 19. Rxc1 f5 20. Qc3 f4 21. Bf2
Qg5 22. h4 Qf6 23. Qc7 Rf7 24. Qxa7 g5 25. Rc7 Be8 26. Rxf7 Bxf7 27. Qxb6 g4
28. Qc7 g3 29. Bb6 Qxh4 30. Qd8+ Qxd8 31. Bxd8 Bf8 32. b4 Bg7 33. b5 Bxd5 34.
exd5 e4 35. fxe4 Bd4+ 36. Kf1 Kf7 37. b6 h4 38. b7 h3 39. b8=Q h2 40. Qb7+ Kg8
41. Ke2 h1=Q 42. Kf3 Qh5+ 43. Kxf4 Qe5+ 44. Kf3 Qh5+ 45. Kxg3 Be5+ 46. Kf2 Qg4
47. Qb3 Bd4+ 48. Kf1 Qf4+ 49. Qf3 Qc1+ 50. Ke2 1/2-1/2

[Event "22. OSREDNJA SLOVENSKA LIGA 2021"]
[Site "gostovanja"]
[Date "2021.10.14"]
[Round "5.1"]
[White "Mlacnik, Janez"]
[Black "Hribar, Janez"]
[Result "1/2-1/2"]
[WhiteElo "1828"]
[BlackElo "1946"]
[PlyCount "56"]
[EventDate "2021.10.14"]
[WhiteTeam "KPSRD KAREL JERAJ"]
[BlackTeam "SD CRNI GRABEN"]

1. d4 Nf6 2. Nf3 g6 3. Nbd2 Bg7 4. e4 d6 5. Bd3 O-O 6. O-O Nc6 7. c3 e5 8. dxe5
dxe5 9. Nc4 Re8 10. Ne3 a6 11. Qc2 b5 12. Bd2 Bb7 13. a4 b4 14. cxb4 Nd4 15.
Nxd4 exd4 16. Nd5 Nxd5 17. exd5 Bxd5 18. Rac1 c6 19. Bc4 Be4 20. Qb3 Qd7 21. f3
Bf5 22. Rfe1 d3 23. g4 Bxg4 24. Bxf7+ Qxf7 25. Qxf7+ Kxf7 26. fxg4 Bxb2 27.
Rxc6 Rxe1+ 28. Bxe1 Re8 1/2-1/2

[Event "22. OSREDNJA SLOVENSKA LIGA 2021"]
[Site "gostovanja"]
[Date "2021.10.14"]
[Round "5.2"]
[White "Skok, Boris"]
[Black "Vertacnik, Viktor"]
[Result "1/2-1/2"]
[WhiteElo "1889"]
[BlackElo "1607"]
[PlyCount "44"]
[EventDate "2021.10.14"]
[WhiteTeam "SD CRNI GRABEN"]
[BlackTeam "KPSRD KAREL JERAJ"]

1. d4 d5 2. c4 e6 3. Nf3 Nf6 4. Nc3 Be7 5. Bf4 b6 6. e3 Bb7 7. Qc2 c5 8. dxc5
Bxc5 9. cxd5 Nxd5 10. Bb5+ Nc6 11. Ne5 Rc8 12. Qa4 Nxf4 13. Qxf4 Qc7 14. Rd1
O-O 15. Bxc6 Bxc6 16. Nxc6 Qxc6 17. O-O Rfd8 18. Qh4 f6 19. Qc4 Be7 20. Rxd8+
Bxd8 21. Qxc6 Rxc6 22. Rd1 Bc7 1/2-1/2

[Event "22. OSREDNJA SLOVENSKA LIGA 2021"]
[Site "gostovanja"]
[Date "2021.10.14"]
[Round "5.3"]
[White "Cizman, Gregor"]
[Black "Vidergar, Milan"]
[Result "1/2-1/2"]
[WhiteElo "1513"]
[BlackElo "1753"]
[PlyCount "44"]
[EventDate "2021.10.14"]
[WhiteTeam "KPSRD KAREL JERAJ"]
[BlackTeam "SD CRNI GRABEN"]

1. d4 d5 2. Nf3 Nc6 3. c3 Nf6 4. e3 g6 5. Bd3 Bg7 6. Nbd2 O-O 7. O-O Re8 8. e4
e5 9. dxe5 Nxe5 10. Nxe5 Rxe5 11. Re1 dxe4 12. Bc4 Bg4 13. Qb3 Bh6 14. Nf1 Bxc1
15. Raxc1 Qe7 16. Qxb7 Rd8 17. h3 Qc5 18. Qb3 Be6 19. Bxe6 Rxe6 20. Ne3 Red6
21. Rcd1 Rd2 22. Rxd2 Rxd2 1/2-1/2

[Event "22. OSREDNJA SLOVENSKA LIGA 2021"]
[Site "gostovanja"]
[Date "2021.10.14"]
[Round "5.4"]
[White "Krulej, Marko"]
[Black "Kanc, Ignacij"]
[Result "1/2-1/2"]
[WhiteElo "1631"]
[BlackElo "1398"]
[PlyCount "58"]
[EventDate "2021.10.14"]
[WhiteTeam "SD CRNI GRABEN"]
[BlackTeam "KPSRD KAREL JERAJ"]

1. e4 e5 2. d3 Nf6 3. Nf3 d6 4. c3 Be7 5. g3 O-O 6. Bg2 Bg4 7. O-O Nc6 8. Be3
Re8 9. Nbd2 a6 10. h3 Bh5 11. g4 Bg6 12. Nh2 h6 13. f4 exf4 14. Bxf4 Ne5 15. d4
Nc6 16. Qf3 Rb8 17. Rae1 Nd7 18. Bg3 Bh4 19. Qf2 Bxg3 20. Qxg3 Qg5 21. Qf4 Qxf4
22. Rxf4 Re7 23. Nhf1 Rbe8 24. Ng3 Nf6 25. h4 Nd8 26. g5 hxg5 27. hxg5 Nh7 28.
Nf5 Bxf5 29. Rxf5 g6 1/2-1/2

[Event "22. OSREDNJA SLOVENSKA LIGA 2021"]
[Site "gostovanja"]
[Date "2021.10.22"]
[Round "6.1"]
[White "Lucovnik, Tilen"]
[Black "Hribar, Janez"]
[Result "1-0"]
[WhiteElo "2097"]
[BlackElo "1946"]
[PlyCount "73"]
[EventDate "2021.10.22"]
[WhiteTeam "SK KOMENDA POPOTNIK"]
[BlackTeam "SD CRNI GRABEN"]

1. Nf3 Nf6 2. g3 g6 3. Bg2 Bg7 4. O-O O-O 5. d3 d6 6. e4 e5 7. Qe2 c5 8. c3 Nc6
9. Rd1 Qe7 10. Nbd2 Rb8 11. Nf1 h6 12. h3 b5 13. g4 Nh7 14. Be3 f5 15. exf5
gxf5 16. gxf5 Bxf5 17. N3h2 Nd4 18. Bxd4 cxd4 19. cxd4 Qd7 20. Qh5 exd4 21. Ng3
Be6 22. Re1 Kh8 23. Ng4 Nf6 24. Nxf6 Rxf6 25. Ne4 Rf5 26. Qg6 Rb6 27. Ng5 Rxg5
28. Qxe6 Qb7 29. Qe8+ Kh7 30. Qe4+ Qxe4 31. Rxe4 h5 32. Rae1 Re5 {(=)} 33. Rc1
Rc5 34. Rce1 Rbc6 35. Re7 Rc7 36. Be4+ Kh6 37. Re6+ 1-0

[Event "22. OSREDNJA SLOVENSKA LIGA 2021"]
[Site "gostovanja"]
[Date "2021.10.22"]
[Round "6.2"]
[White "Skok, Boris"]
[Black "Debevec, Blaz"]
[Result "1-0"]
[WhiteElo "1889"]
[BlackElo "2118"]
[PlyCount "57"]
[EventDate "2021.10.22"]
[WhiteTeam "SD CRNI GRABEN"]
[BlackTeam "SK KOMENDA POPOTNIK"]

1. d4 Nf6 2. c4 g6 3. Nc3 Bg7 4. e4 O-O 5. Nf3 d6 6. h3 c5 7. d5 e6 8. Bd3 exd5
9. cxd5 b5 10. O-O c4 11. Bc2 a6 12. a3 Nbd7 13. Be3 Qc7 14. Bd4 Re8 15. Re1
Rb8 16. Rc1 a5 17. b4 cxb3 18. Bxb3 Qb7 19. e5 dxe5 20. Nxe5 b4 21. axb4 axb4
22. Na4 Ra8 23. Nc6 Bf8 24. Qf3 Rxe1+ 25. Rxe1 Kg7 26. g4 g5 27. h4 h6 28. hxg5
hxg5 29. Qf5 1-0

[Event "22. OSREDNJA SLOVENSKA LIGA 2021"]
[Site "gostovanja"]
[Date "2021.10.22"]
[Round "6.3"]
[White "Kobold, Andrej"]
[Black "Vidergar, Milan"]
[Result "1-0"]
[WhiteElo "1936"]
[BlackElo "1753"]
[PlyCount "85"]
[EventDate "2021.10.22"]
[WhiteTeam "SK KOMENDA POPOTNIK"]
[BlackTeam "SD CRNI GRABEN"]

1. d4 d5 2. Bf4 Nc6 3. e3 Nf6 4. c4 e6 5. Nc3 Bb4 6. a3 Bxc3+ 7. bxc3 b6 8. Nf3
O-O 9. Qc2 Ne4 10. Bd3 f5 11. O-O Ba6 12. cxd5 Bxd3 13. Qxd3 exd5 14. c4 Ne7
15. Rfc1 c5 16. Ng5 dxc4 17. Qxc4+ Qd5 18. Nxe4 fxe4 19. Bd6 Rf7 20. dxc5 bxc5
21. Bxe7 Qxc4 22. Rxc4 Rxe7 23. Rxc5 Rd8 24. h4 h6 25. Rac1 Kf7 26. Rc7 Rd1+
27. Kh2 Rxc1 28. Rxc1 a6 29. Rc6 Re6 30. Rxe6 Kxe6 31. f3 Kf5 32. Kg3 h5 33. a4
a5 34. Kf2 Ke5 35. fxe4 Kxe4 36. Ke2 g6 37. g3 Kf5 38. Kf3 Ke5 39. e4 Ke6 40.
Kf4 Kf6 41. e5+ Kf7 42. Kg5 Ke6 43. Kxg6 1-0

[Event "22. OSREDNJA SLOVENSKA LIGA 2021"]
[Site "gostovanja"]
[Date "2021.10.22"]
[Round "6.4"]
[White "Krulej, Marko"]
[Black "Zidar, Jernej"]
[Result "0-1"]
[WhiteElo "1631"]
[BlackElo "1684"]
[PlyCount "60"]
[EventDate "2021.10.22"]
[WhiteTeam "SD CRNI GRABEN"]
[BlackTeam "SK KOMENDA POPOTNIK"]

1. e4 c5 2. d3 Nc6 3. Nf3 d6 4. g3 g6 5. c3 Bg7 6. Bg2 b5 7. O-O e6 8. Be3 Nge7
9. Nbd2 O-O 10. h3 b4 11. d4 bxc3 12. bxc3 cxd4 13. cxd4 Ba6 14. Re1 Rb8 15.
Nb3 Nb4 16. Bf1 Bxf1 17. Rxf1 Rc8 18. a3 Nc2 19. Ra2 Nxe3 20. fxe3 Rc3 21. Re1
Bh6 22. Rae2 d5 23. Qb1 dxe4 24. Nfd2 Qb8 25. Rc1 Qxg3+ 26. Rg2 Qxe3+ 27. Kh1
Rxc1+ 28. Qxc1 Nf5 29. Qd1 Qxh3+ 30. Rh2 Ng3+ 0-1

[Event "22. OSREDNJA SLOVENSKA LIGA 2021"]
[Site "gostovanja"]
[Date "2021.10.22"]
[Round "6.1"]
[White "Perme, Martin"]
[Black "Kutin, Dusan"]
[Result "1/2-1/2"]
[WhiteElo "1679"]
[BlackElo "1824"]
[PlyCount "60"]
[EventDate "2021.10.22"]
[WhiteTeam "SK KOMENDA POGI"]
[BlackTeam "KPSRD KAREL JERAJ"]

1. e4 e5 2. f4 d6 3. Nf3 Nc6 4. Bc4 h6 5. d3 Nf6 6. Nc3 a6 7. Be3 Be7 8. h3
exf4 9. Bxf4 b5 10. Bb3 Na5 11. Qd2 c5 12. Bd5 Bb7 13. Bxb7 Nxb7 14. O-O-O Qa5
15. Kb1 b4 16. Nd5 Nxd5 17. exd5 O-O-O 18. Rde1 Bf6 19. g4 g5 20. Bg3 Rde8 21.
Nh2 Bd4 22. Rhf1 f6 23. Nf3 Be5 24. Nxe5 fxe5 25. Rf6 Ref8 26. Ref1 Rxf6 27.
Rxf6 Qd8 28. Qf2 a5 29. Rf7 Kb8 30. Qf5 a4 1/2-1/2

[Event "22. OSREDNJA SLOVENSKA LIGA 2021"]
[Site "gostovanja"]
[Date "2021.10.22"]
[Round "6.2"]
[White "Vertacnik, Viktor"]
[Black "More, Erlend"]
[Result "1-0"]
[WhiteElo "1607"]
[BlackElo "1621"]
[PlyCount "46"]
[EventDate "2021.10.22"]
[WhiteTeam "KPSRD KAREL JERAJ"]
[BlackTeam "SK KOMENDA POGI"]

1. e4 Nf6 2. e5 Nd5 3. d4 d6 4. c4 Nb6 5. f4 Bf5 6. Nc3 dxe5 7. fxe5 e6 8. Nf3
Be7 9. Be3 c6 10. Bd3 Bxd3 11. Qxd3 N8d7 12. O-O h6 13. Rad1 Qc7 14. b3 O-O 15.
Qe4 Rad8 16. Qg4 Kh7 17. Ne4 f5 18. exf6 Bxf6 19. Qxe6 Rde8 20. Nxf6+ Nxf6 21.
Qf5+ g6 22. Qf4 Qxf4 23. Bxf4 g5 1-0

[Event "22. OSREDNJA SLOVENSKA LIGA 2021"]
[Site "gostovanja"]
[Date "2021.10.22"]
[Round "6.3"]
[White "Babarovic, Fran"]
[Black "Kanc, Ignacij"]
[Result "1-0"]
[WhiteElo "1108"]
[BlackElo "1398"]
[PlyCount "43"]
[EventDate "2021.10.22"]
[WhiteTeam "SK KOMENDA POGI"]
[BlackTeam "KPSRD KAREL JERAJ"]

1. e4 e5 2. Nf3 d6 3. d4 exd4 4. Qxd4 h6 5. Bb5+ c6 6. Bc4 Nf6 7. O-O Be7 8.
Bf4 O-O 9. e5 d5 10. exf6 Bxf6 11. Be5 dxc4 12. Bxf6 Qxf6 13. Qxf6 gxf6 14. Nc3
Bf5 15. Nd4 Bg6 16. Rfe1 Nd7 17. f4 c5 18. Ndb5 Bxc2 19. Re7 Bf5 20. Nd6 Bg4
21. h3 Be6 22. f5 1-0

[Event "22. OSREDNJA SLOVENSKA LIGA 2021"]
[Site "gostovanja"]
[Date "2021.10.22"]
[Round "6.1"]
[White "Marinko, Peter"]
[Black "Marn, Jan"]
[Result "0-1"]
[WhiteElo "1825"]
[BlackElo "2238"]
[PlyCount "68"]
[EventDate "2021.10.22"]
[WhiteTeam "SK LJUBLJANA"]
[BlackTeam "SD MENGES-TRZIN"]

1. d4 d5 2. c4 e6 3. Nf3 c6 4. Nc3 dxc4 5. a4 Bb4 6. e3 b5 7. axb5 cxb5 8. Bd2
Bxc3 9. Bxc3 a5 10. b3 Bb7 11. bxc4 b4 12. Bd2 Nf6 13. Bd3 O-O 14. O-O Nbd7 15.
Qc2 Qc7 16. Rfb1 e5 17. d5 Rfc8 18. Rb2 Nc5 19. Bf5 Re8 20. Qb1 Ra6 21. Bc2 e4
22. Nd4 Ng4 23. f4 exf3 24. Nxf3 Rh6 25. h3 Rxh3 26. Bf5 Rxf3 27. Bxg4 Rg3 28.
Bf3 Rxf3 29. gxf3 Qg3+ 30. Kf1 Qxf3+ 31. Ke1 Bc8 32. Bc1 Qh1+ 33. Kd2 Qg2+ 34.
Kd1 Qg1+ 0-1

[Event "22. OSREDNJA SLOVENSKA LIGA 2021"]
[Site "gostovanja"]
[Date "2021.10.22"]
[Round "6.2"]
[White "Sedlar, Tomo"]
[Black "Hribar, Andrej"]
[Result "1-0"]
[WhiteElo "1860"]
[BlackElo "1726"]
[PlyCount "57"]
[EventDate "2021.10.22"]
[WhiteTeam "SD MENGES-TRZIN"]
[BlackTeam "SK LJUBLJANA"]

1. d4 d5 2. c4 dxc4 3. Nc3 Bd7 4. a4 c6 5. Nf3 e6 6. Ne5 Bb4 7. Nxc4 Ne7 8. Qb3
a5 9. Bd2 O-O 10. g3 Nd5 11. Bg2 Na6 12. O-O c5 13. Nxd5 exd5 14. Bxd5 Bc6 15.
Bxc6 bxc6 16. Bxb4 cxb4 17. e3 c5 18. Rfd1 cxd4 19. Rxd4 Qg5 20. Nb6 Rad8 21.
Rad1 Rxd4 22. Rxd4 Qc5 23. Nd7 Qc1+ 24. Rd1 Qc7 25. Nxf8 Kxf8 26. Qd5 Ke7 27.
Rd4 f6 28. Re4+ Kf8 29. Qe6 1-0

[Event "22. OSREDNJA SLOVENSKA LIGA 2021"]
[Site "gostovanja"]
[Date "2021.10.22"]
[Round "6.3"]
[White "Tomac, Kristof"]
[Black "Simicak, Metod"]
[Result "0-1"]
[WhiteElo "1264"]
[BlackElo "1677"]
[PlyCount "92"]
[EventDate "2021.10.22"]
[WhiteTeam "SK LJUBLJANA"]
[BlackTeam "SD MENGES-TRZIN"]

1. e4 e5 2. f4 exf4 3. Nf3 d6 4. Bc4 Be6 5. Bxe6 fxe6 6. d4 g5 7. h4 Be7 8.
Nxg5 Bxg5 9. Qh5+ Kd7 10. hxg5 Qf8 11. O-O Qg7 12. Be3 Qg6 13. Qxg6 hxg6 14.
Rxf4 Nc6 15. Nc3 Nge7 16. Raf1 Rh7 17. R1f2 Rah8 18. Kf1 Nb4 19. Ke1 a6 20. Rf6
Rh4 21. Kd2 Rg4 22. Bf4 Rh1 23. g3 Nbc6 24. Ke3 Rh3 25. Kf3 Rgh4 26. Kg2 Rh2+
27. Kf1 Rxf2+ 28. Kxf2 Rh2+ 29. Ke3 Rxc2 30. d5 exd5 31. exd5 Nb4 32. a3 Nbxd5+
33. Kd3 Rxc3+ 34. bxc3 Nxf6 35. gxf6 Nd5 36. Bg5 Ke6 37. f7 Kxf7 38. c4 Ne7 39.
Ke4 c6 40. Bf4 Ke6 41. g4 b5 42. Kd4 c5+ 43. Kc3 d5 44. cxb5 axb5 45. Bg3 Nc6
46. Kd3 Ne5+ 0-1

[Event "22. OSREDNJA SLOVENSKA LIGA 2021"]
[Site "gostovanja"]
[Date "2021.10.22"]
[Round "6.4"]
[White "Grasic, Marjan"]
[Black "Komelj, Erazem"]
[Result "0-1"]
[WhiteElo "1700"]
[BlackElo "1902"]
[PlyCount "76"]
[EventDate "2021.10.22"]
[WhiteTeam "SD MENGES-TRZIN"]
[BlackTeam "SK LJUBLJANA"]

1. e4 c6 2. Nf3 d5 3. exd5 cxd5 4. d4 Bg4 5. Be2 Nc6 6. O-O e6 7. Be3 Bd6 8.
Nbd2 Nf6 9. c4 O-O 10. c5 Bc7 11. h3 Bf5 12. a3 Ne4 13. Bd3 Nxf2 14. Bxf2 Bxd3
15. Re1 a5 16. Qb3 Ba6 17. Qc3 a4 18. b4 axb3 19. Nxb3 h6 20. g4 Na5 21. Kg2
Nxb3 22. Qxb3 b6 23. Ne5 bxc5 24. dxc5 Rb8 25. Qa4 Bxe5 26. Rxe5 Bd3 27. Ree1
Be4+ 28. Kg1 Qf6 29. Qd1 e5 30. Qe2 Rb3 31. Be3 Qh4 32. Qh2 Rfb8 33. c6 Rb2 34.
Bf2 Qf6 35. Qg3 Qxc6 36. Qxe5 Qc2 37. Qd4 R8b3 38. Rac1 Rxh3 0-1

[Event "22. OSREDNJA SLOVENSKA LIGA 2021"]
[Site "gostovanja"]
[Date "2021.10.22"]
[Round "6.1"]
[White "Krupenko, Peter"]
[Black "Plaskan, Jure"]
[Result "0-1"]
[WhiteElo "1922"]
[BlackElo "2186"]
[PlyCount "92"]
[EventDate "2021.10.22"]
[WhiteTeam "SK TRZIN BUSCOTRADE"]
[BlackTeam "SD DOMZALE"]

1. Nf3 Nf6 2. d4 g6 3. g3 Bg7 4. Bg2 O-O 5. O-O d6 6. c4 Nc6 7. Nc3 e5 8. dxe5
dxe5 9. Bg5 Be6 10. Nd5 Bxd5 11. Bxf6 Qxf6 12. cxd5 Rfd8 13. e4 Ne7 14. Qb3 c6
15. d6 Qxd6 16. Rad1 Qc7 17. Ng5 Rf8 18. Bh3 Qb6 19. Rd7 Bf6 20. Nf3 Qxb3 21.
axb3 Rab8 22. Rfd1 Nc8 23. Ra1 Re8 24. Rd3 a6 25. Ra5 Na7 26. Rc5 Nb5 27. Bg2
Be7 28. Rc1 Bb4 29. Rcd1 Bc5 30. Kf1 Bd4 31. R3d2 c5 32. h4 Re6 33. Bh3 Rb6 34.
Rc2 Nd6 35. Nd2 Rb4 36. Ke2 Kg7 37. Bg4 Rf8 38. f3 f5 39. exf5 gxf5 40. Bh3 h5
41. Rf1 Rf6 42. g4 hxg4 43. fxg4 fxg4 44. Bg2 Rh6 45. Rh1 Nf5 46. Ra1 Ne3 0-1

[Event "22. OSREDNJA SLOVENSKA LIGA 2021"]
[Site "gostovanja"]
[Date "2021.10.22"]
[Round "6.2"]
[White "Turek, Lan Timotej"]
[Black "Jukan, Nesib"]
[Result "1/2-1/2"]
[WhiteElo "2031"]
[BlackElo "1965"]
[PlyCount "109"]
[EventDate "2021.10.22"]
[WhiteTeam "SD DOMZALE"]
[BlackTeam "SK TRZIN BUSCOTRADE"]

1. Nf3 Nf6 2. g3 d5 3. Bg2 c6 4. O-O Nbd7 5. d3 e5 6. Nbd2 Be7 7. Re1 O-O 8. e4
d4 9. Nc4 Qc7 10. Nh4 Nb6 11. Nxb6 axb6 12. Nf5 Be6 13. Nxe7+ Qxe7 14. a3 c5
15. Bg5 h6 16. Bd2 Nd7 17. f4 f6 18. f5 Bf7 19. g4 Kh7 20. Qf3 Rg8 21. h4 Raf8
22. g5 fxg5 23. hxg5 g6 24. Qh3 h5 25. f6 Qe6 26. Qg3 Rh8 27. Bh3 Qd6 28. Re2
Be6 29. Bf5 Bf7 30. Bxd7 Qxd7 31. Qxe5 Kg8 32. Rg2 Re8 33. Qf4 Qb5 34. b3 Qc6
35. Re1 b5 36. b4 b6 37. c3 Rd8 38. cxd4 Rxd4 39. Rg3 Kh7 40. Bc3 Rd7 41. Rc1
Rhd8 42. d4 cxd4 43. Bxd4 Qe6 44. Bf2 Qa2 45. Rc7 Rd1+ 46. Kg2 R1d2 47. Rgc3
Kg8 48. Rc8 Qe6 49. Qxd2 Rxc8 50. Rxc8+ Qxc8 51. Qf4 Qa8 52. Bxb6 Qe8 53. Bc5
Qa8 54. Qe5 Qc8 55. Qf4 1/2-1/2

[Event "22. OSREDNJA SLOVENSKA LIGA 2021"]
[Site "gostovanja"]
[Date "2021.10.22"]
[Round "6.3"]
[White "Rojs, Igor"]
[Black "Skok, Joze"]
[Result "1/2-1/2"]
[WhiteElo "1943"]
[BlackElo "1961"]
[PlyCount "38"]
[EventDate "2021.10.22"]
[WhiteTeam "SK TRZIN BUSCOTRADE"]
[BlackTeam "SD DOMZALE"]

1. d4 Nf6 2. Nf3 g6 3. g3 Bg7 4. Bg2 O-O 5. O-O d5 6. Re1 Bf5 7. Bf4 Nbd7 8.
Nbd2 c5 9. c3 Qb6 10. Qb3 Qxb3 11. Nxb3 b6 12. Ne5 Rac8 13. Nxd7 Bxd7 14. Be5
c4 15. Nd2 e6 16. e4 Nxe4 17. Bxg7 Kxg7 18. Nxe4 dxe4 19. Bxe4 Bc6 1/2-1/2

[Event "22. OSREDNJA SLOVENSKA LIGA 2021"]
[Site "gostovanja"]
[Date "2021.10.22"]
[Round "6.4"]
[White "Zmaucar, Miha"]
[Black "Rojs, Lan"]
[Result "1-0"]
[WhiteElo "1372"]
[BlackElo "1000"]
[PlyCount "91"]
[EventDate "2021.10.22"]
[WhiteTeam "SD DOMZALE"]
[BlackTeam "SK TRZIN BUSCOTRADE"]

1. d4 Nf6 2. c4 e6 3. g3 d5 4. Bg2 b6 5. Nf3 Bb7 6. O-O Bd6 7. cxd5 exd5 8. Nc3
O-O 9. Nb5 Ne4 10. Nxd6 Qxd6 11. Bf4 Qe7 12. Rc1 Na6 13. a3 Rac8 14. b4 c5 15.
dxc5 bxc5 16. bxc5 Naxc5 17. Nd4 Rfd8 18. Bh3 Ne6 19. Nf5 Qxa3 20. Ra1 Qc5 21.
Be3 d4 22. Rc1 Nc3 23. Rxc3 Qxc3 24. Ne7+ Kh8 25. Bd2 Qc5 26. Nxc8 Rxc8 27. Qb3
Qc6 28. f3 Qd5 29. Qb4 Ba6 30. Rc1 Rd8 31. Qe7 Bxe2 32. Bxe6 fxe6 33. Rc5 Qa8
34. Rc7 Rg8 35. Bh6 Qf8 36. Qxf8 Rxf8 37. Bxg7+ Kg8 38. Bxf8 Kxf8 39. Kf2 Bd3
40. Rxa7 Bf5 41. h4 Bg6 42. Rd7 d3 43. Ke3 Ke8 44. Ra7 h5 45. Rg7 Bf5 46. g4
1-0

[Event "22. OSREDNJA SLOVENSKA LIGA 2021"]
[Site "gostovanja"]
[Date "2021.10.28"]
[Round "7.1"]
[White "Plaskan, Jure"]
[Black "Gantar, Jan"]
[Result "1/2-1/2"]
[WhiteElo "2186"]
[BlackElo "2162"]
[PlyCount "87"]
[EventDate "2021.10.28"]
[WhiteTeam "SD DOMZALE"]
[BlackTeam "SK KOMENDA POPOTNIK"]

1. e4 Nf6 2. e5 Nd5 3. d4 d6 4. c4 Nb6 5. exd6 cxd6 6. Nc3 g6 7. Be3 Bg7 8. Rc1
O-O 9. b3 e5 10. dxe5 dxe5 11. Qxd8 Rxd8 12. c5 N6d7 13. Bc4 Nc6 14. Nf3 h6 15.
O-O Nf8 16. Nb5 Be6 17. Nd6 Bxc4 18. Rxc4 Rd7 19. b4 Ne6 20. g4 Ncd4 21. Nxd4
exd4 22. Bd2 b6 23. Ne4 bxc5 24. bxc5 f5 25. gxf5 gxf5 26. c6 Rd5 27. Ng3 Rc8
28. Re1 Kf7 29. Rb1 Kg6 30. Ne2 Be5 31. Rb7 d3 32. Nc1 Nd4 33. Kg2 Rxc6 34.
Rxc6+ Nxc6 35. Rb3 Rd4 36. h3 Bf4 37. Bxf4 Rxf4 38. Nxd3 Ra4 39. Rc3 Nd4 40. a3
Nb5 41. Rc6+ Kg7 42. Rc5 Rxa3 43. Rxb5 Rxd3 44. Rb7+ 1/2-1/2

[Event "22. OSREDNJA SLOVENSKA LIGA 2021"]
[Site "gostovanja"]
[Date "2021.10.28"]
[Round "7.2"]
[White "Juhant, Igor"]
[Black "Osolin, Bojan"]
[Result "1-0"]
[WhiteElo "2009"]
[BlackElo "2094"]
[PlyCount "85"]
[EventDate "2021.10.28"]
[WhiteTeam "SK KOMENDA POPOTNIK"]
[BlackTeam "SD DOMZALE"]

1. e4 e5 2. Nc3 Nf6 3. f4 d5 4. fxe5 Nxe4 5. Nf3 Nc6 6. Qe2 Nxc3 7. dxc3 Be7 8.
Bf4 O-O 9. O-O-O Bg4 10. Qe3 f6 11. Bc4 Qc8 12. Bxd5+ Kh8 13. exf6 Bxf6 14. Bg5
Qf5 15. Bxf6 Qxf6 16. Rhe1 Bh5 17. Kb1 Rae8 18. Qc5 Bg6 19. Bxc6 bxc6 20. Ne5
Bh5 21. g4 Bg6 22. g5 Qf5 23. Nxg6+ Qxg6 24. Rf1 Qd6 25. Rxf8+ Rxf8 26. Qg1 Qe5
27. h4 c5 28. h5 Re8 29. a3 Kg8 30. Qg4 a5 31. Qc4+ Kh8 32. Rd5 Qh2 33. g6 hxg6
34. hxg6 Qg1+ 35. Ka2 Qxg6 36. Rxc5 Re4 37. Qd5 Kh7 38. Rxa5 c6 39. Qd1 Qe6+
40. b3 Rh4 41. a4 Qf6 42. Qd3+ g6 43. Qe3 1-0

[Event "22. OSREDNJA SLOVENSKA LIGA 2021"]
[Site "gostovanja"]
[Date "2021.10.28"]
[Round "7.3"]
[White "Turek, Lan Timotej"]
[Black "Kobold, Andrej"]
[Result "1/2-1/2"]
[WhiteElo "2031"]
[BlackElo "1936"]
[PlyCount "35"]
[EventDate "2021.10.28"]
[WhiteTeam "SD DOMZALE"]
[BlackTeam "SK KOMENDA POPOTNIK"]

1. e4 c5 2. c3 d5 3. exd5 Qxd5 4. Nf3 Nc6 5. Na3 Bg4 6. Be2 Nf6 7. O-O e6 8. d4
cxd4 9. Nb5 Rc8 10. Nbxd4 Nxd4 11. Nxd4 Bxe2 12. Qxe2 Be7 13. Rd1 Qc4 14. Qxc4
Rxc4 15. Nb5 a6 16. Nd4 O-O 17. Kf1 Rd8 18. Bg5 1/2-1/2

[Event "22. OSREDNJA SLOVENSKA LIGA 2021"]
[Site "gostovanja"]
[Date "2021.10.28"]
[Round "7.4"]
[White "Zidar, Jernej"]
[Black "Osolin, Bogdan"]
[Result "1/2-1/2"]
[WhiteElo "1684"]
[BlackElo "1966"]
[PlyCount "93"]
[EventDate "2021.10.28"]
[WhiteTeam "SK KOMENDA POPOTNIK"]
[BlackTeam "SD DOMZALE"]

1. d4 d6 2. Nf3 Bg4 3. Nbd2 Nd7 4. g3 e5 5. Bg2 c6 6. c4 Qb6 7. dxe5 dxe5 8.
O-O h6 9. b3 Ngf6 10. Bb2 Bd6 11. Qc2 O-O 12. Ne4 Nxe4 13. Qxe4 Bxf3 14. Qxf3
Rfe8 15. Rfd1 Re6 16. e3 Nf8 17. Qe4 Bc5 18. Qf5 Rae8 19. h4 g6 20. Qc2 h5 21.
a3 a5 22. Rd2 Rd8 23. Rad1 Rxd2 24. Rxd2 f6 25. Qd1 Qc7 26. Be4 Qe7 27. a4 Bb4
28. Rd8 Rd6 29. Rxd6 Qxd6 30. Qxd6 Bxd6 31. Bc3 f5 32. Bc2 Bc7 33. Kf1 Kf7 34.
Ke2 Ne6 35. e4 f4 36. Kf3 g5 37. hxg5 Nxg5+ 38. Kg2 Ne6 39. Kh3 b6 40. Bd1 Ng5+
41. Kg2 Nxe4 42. Bb2 Nf6 43. gxf4 exf4 44. Bxf6 Kxf6 45. Bxh5 Ke5 46. Bf3 c5
47. Bc6 1/2-1/2

[Event "22. OSREDNJA SLOVENSKA LIGA 2021"]
[Site "gostovanja"]
[Date "2021.10.28"]
[Round "7.1"]
[White "Timagin, Petr"]
[Black "Krupenko, Peter"]
[Result "1-0"]
[WhiteElo "2335"]
[BlackElo "1922"]
[PlyCount "61"]
[EventDate "2021.10.28"]
[WhiteTeam "SD MENGES-TRZIN"]
[BlackTeam "SK TRZIN BUSCOTRADE"]

1. e4 e5 2. Nf3 Nf6 3. d4 Nxe4 4. Bd3 d5 5. Nxe5 Be7 6. O-O O-O 7. c4 c6 8. Nc3
Nf6 9. Re1 Re8 10. Qc2 Nbd7 11. cxd5 cxd5 12. Nb5 Bb4 13. Re2 Ba5 14. Nd6 Re7
15. Nf5 Re8 16. Bg5 Nf8 17. Qa4 Bxf5 18. Bxf5 Bb6 19. Rae1 Qd6 20. h3 Red8 21.
Bh4 Bc7 22. Bg3 Qb6 23. Nxf7 Bxg3 24. Nxd8 Bxf2+ 25. Rxf2 Rxd8 26. a3 a6 27.
Qb4 Qxb4 28. axb4 Rd6 29. b5 axb5 30. Re7 Rb6 31. Rc2 1-0